1963 1251 1669 1206 1617 1728 1772 1699 1024 1303 1438 1445 1715 1737 1214 1353 1917 1204 1678 1149 1640 1977 1852 1457 1855 1884 1539 1179 1811 1789 1497 1200 1746 1000 1816 1719 1028 1868 1371 1757 1084 1518 1969 1876 1613 1804 1807 1525 1409 1977 1676 1680 1391 1583 1872 1988 1980 1578 1202 1728 1118 1926 1535 1477 1977 1169 1148 1355 1397 1301 1278 1223 1794 1206 1255 1812 1465 1299 1188 1945 1230 1816 1963 1918 1109 1627 1508 1646 1652 1297 1787 1280 1846 1251 1355 1198 1308 1964 1185 BCNSPRNW ULIB Ver.6.0+V

เปลี่ยนเป็นภาษาไทย

Change to English
 แสดงรายละเอียดบรรณานุกรม
  กลับหน้าหลัก

Brief Record : Get Marc (ISO 2709) : E-mail record : QR code < ปิดหน้าต่าง
LEADER : 00000nam 2200000uu 4500
001    13399112154
003     ULIB
008    110627s2552||||th 000 0 tha d
020    9786165020152
090    นว.^bธ524ป 2552
100 0  ธาราภัส
245 00 ประกาศิตพิศวาส/^cธาราภัส
250    พิมพ์ครั้งที่ 1
260    กรุงเทพฯ :^bSugar Beat,^c2552
300    434 หน้า
710 1  Sugar Beat
945    ^p270^l0^i026737
995    ทศพร
999 ^a ใช้งานได้ทุกระบบ
รายการนี้ยังไม่มีแท็ก
คุณยังไม่ได้ล็อกอิน คุณสามารถมีกิจกรรมร่วมกับเว็บไซต์ได้ แต่ต้องล็อกอินก่อน ::
  ล็อกอิน

รายการสื่อสารสนเทศ

ลำดับที่ ประเภท เลขเรียก/บาร์โค้ด สถานที่ สถานะ
- ไม่พบข้อมูล -

BibComment


ยังไม่เคยถูกคอมเมนท์

คอมเมนท์ทรัพยากรรายการนี้
  คอมเมนท์: ประกาศิตพิศวาส ธา..


 Copyright 2026. Bcnsprnw @Library